000 00691nam a2200253Ia 4500
003 OSt
005 20220925204439.0
006 a|||||r|||| 00| 0
007 ta
008 220923b |||||||| |||| 00| 0 eng d
037 _cGeneral Book
040 _aRTL
_cRTL
_beng
041 _2eng
_aeng
082 _aX:54.4653.N9, (UN)
110 _aWorld Trade Organization
_9268500
245 0 _aTrade policy review
_b Israel
260 _aGeneva
_bWTO
490 _v1994
650 _a Economics
650 _aInternational Trade
700 _aWorld Trade Organization
_9268501
942 _hX:54.4653.N9, (UN)
_cGB
_2CC
999 _c549426
_d549426